Statistiken für Teilweise anerkannte Länder

Klicken Sie hier um das Quiz zu spielen!

Allgemein

  • Dieses Quiz wurde 1,208 mal gespielt
  • Das Durchschnittsergebnis liegt bei 7 aus 15

Antwortstatistiken

Grad der Anerkennung UN-Status JetPunk Antwort % Korrekt
2Von Nordkorea nicht anerkanntMitgliedjaSüdkorea
86%
6Von 31, meist islamischen Staaten nicht anerkanntMitgliedjaIsrael
77%
7Von 51, meist westlichen Staaten nicht anerkanntBeobachterneinPalästina
63%
4Von Frankreich, Südkorea und Japan nicht anerkanntMitgliedjaNordkorea
60%
8Von 83 Staaten nicht anerkanntMitglied zweier BehördenjaKosovo
59%
3Von der Türkei nicht anerkanntMitgliedjaZypern
57%
10Von 17 Staaten anerkannt, meist in
Mittelamerika und Ozeanien
Mitglied einer BehördejaTaiwan
56%
5Von denjenigen Staaten nicht anerkannt, die #10 anerkennenMitgliedjaChina
41%
13Nur von der Türkei anerkanntkeinenneinNordzypern
38%
9Von 46, meist afrikanischen Staaten anerkanntkeinenneinWestsahara
36%
1Von Pakistan nicht anerkanntMitgliedjaArmenien
29%
11Von Russland, Nauru, Nicaragua,
Syrien und Venezuela anerkannt
keinenneinSüdossetien
23%
12Von Russland, Nauru, Nicaragua,
Syrien und Venezuela anerkannt
keinenneinAbchasien
21%
15Nur von #11, #12 und #14 anerkanntkeinenneinTransnistrien
18%
14Nur von #11, #12 und #15 anerkanntkeinenneinBergkarabach
16%

Verteilung der Resultate

Perzentil nach korrekt beantworteten Fragen

Anzahl Personen mit jedem Resultat

Ihre Resultats-Entwicklung

Sie haben dieses Quiz noch nicht gespielt